Chimie 1re année MPSI - PTSI : (Record no. 56001)

MARC details
000 -LEADER
fixed length control field 00660nam a22002177a 4500
007 - PHYSICAL DESCRIPTION FIXED FIELD--GENERAL INFORMATION
fixed length control field 00
008 - FIXED-LENGTH DATA ELEMENTS--GENERAL INFORMATION
fixed length control field 170227b xxu||||| |||| 00| 0 eng d
020 ## - INTERNATIONAL STANDARD BOOK NUMBER
International Standard Book Number 978-2-10-051182-2
040 ## - CATALOGING SOURCE
Original cataloging agency BUAC
Transcribing agency BUC
041 ## - LANGUAGE CODE
Language code of text/sound track or separate title Fre.
100 ## - MAIN ENTRY--PERSONAL NAME
Personal name FOSSET , Bruno
9 (RLIN) 23261
245 ## - TITLE STATEMENT
Title Chimie 1re année MPSI - PTSI :
Remainder of title Exercices et problèmes corrigés
Statement of responsibility, etc / par Bruno Fosset , Jean - Bernard Baudin , Frédéric Lahitète
260 ## - PUBLICATION, DISTRIBUTION, ETC. (IMPRINT)
Place of publication, distribution, etc Paris :
Name of publisher, distributor, etc Dunod ,
Date of publication, distribution, etc 2007.
300 ## - PHYSICAL DESCRIPTION
Extent 198 p.
Dimensions 24 cm.
440 ## - SERIES STATEMENT/ADDED ENTRY--TITLE
Title (J'intègre)
630 ## - SUBJECT ADDED ENTRY--UNIFORM TITLE
Uniform title SCIENCES PURES
650 ## - SUBJECT ADDED ENTRY--TOPICAL TERM
Topical term or geographic name as entry element CHIMIE
700 ## - ADDED ENTRY--PERSONAL NAME
Personal name Baudin, Jean - Bernard
700 ## - ADDED ENTRY--PERSONAL NAME
Personal name Lahitète, Frédéric
942 ## - ADDED ENTRY ELEMENTS (KOHA)
Item type Libre Accès
Holdings
Withdrawn status Lost status Damaged status Not for loan Location (home branch) Sublocation or collection (holding branch) Shelving location Date acquired Source of acquisition Coded location qualifier Koha issues (times borrowed) Koha full call number Piece designation (barcode) Koha date last seen Copy number Price effective from Koha item type
        Bibliothèque Universitaire Centrale Bibliothèque Universitaire Centrale   28/10/2016 Don ABAR 16/1343   54 FOS 16-1343Buc 27/02/2017 1 27/02/2017 Libre Accès
        Bibliothèque Universitaire Centrale Bibliothèque Universitaire Centrale   28/10/2016 Don ABAR 16/1344   54 FOS 16-1344Buc 28/02/2017 2 28/02/2017 Libre Accès
        Bibliothèque Universitaire Centrale Bibliothèque Universitaire Centrale   21/07/2017 Don ABAR 16/1911   540(076.2) FOS 16-1911Buc 21/07/2017 3 21/07/2017 Livre


© 2008, Bibliothèques de l'Université d'Abomey-Calavi

04 BP 789 Cotonou, Tél. : +229 21 36 01 01, Fax : +229 21 35 06 32

Courriel : bu@bu.uac.bj